[Event "Solingen-ch 2018"]
[Site "Solingen"]
[Date "2018.10.26"]
[Round "4.9"]
[White "Lux, Andreas"]
[Black "Speck, Stefan"]
[Result "1/2-1/2"]
[WhiteElo "1839"]
[BlackElo "1955"]
[PlyCount "78"]
[EventDate "2018.??.??"]
[WhiteTeam "SG Solingen"]
[BlackTeam "SC Solingen 28"]

1. d4 d5 2. Nf3 Nf6 3. e3 c6 4. Bd3 g6 5. O-O Bg7 6. Nbd2 O-O 7. Ne5 Nbd7 8. f4
Qb6 9. Kh1 Ne8 10. c3 Nd6 11. e4 c5 12. Nxd7 Bxd7 13. dxc5 Qxc5 14. Nb3 Qc6 15.
e5 Nc4 16. Qe2 Qc8 17. Nd4 Bg4 18. Qe1 Na5 19. f5 Nc6 20. f6 exf6 21. exf6 Re8
22. Qg3 Nxd4 23. cxd4 Bh8 24. Bg5 Be2 25. Rf4 Bxd3 26. Qxd3 Qe6 27. Raf1 Rac8
28. g4 Qe2 29. Qxe2 Rxe2 30. R1f2 Rxf2 31. Rxf2 Rc6 32. Kg2 h6 33. Bxh6 Bxf6
34. Be3 Re6 35. Kf3 Re4 36. Rd2 Kf8 37. h3 Ke8 38. Rd3 Kd7 39. Ke2 Ke6 1/2-1/2

[Event "Solingen-ch 2018"]
[Site "Solingen"]
[Date "2018.11.02"]
[Round "4.10"]
[White "Oler, Gürkan"]
[Black "Sereda, Yaroslava"]
[Result "1-0"]
[WhiteElo "1884"]
[BlackElo "1534"]
[PlyCount "95"]
[EventDate "2018.??.??"]
[WhiteTeam "SC Erkrath"]
[BlackTeam "SG Solingen"]

1. d4 Nf6 2. Nf3 g6 3. Nc3 d5 4. Bf4 Bg7 5. h3 b6 6. e3 Bb7 7. Be2 O-O 8. O-O
Nbd7 9. a4 c5 10. Nb5 a6 11. Na3 Rc8 12. c3 Re8 13. Ne5 e6 14. Re1 Nxe5 15.
Bxe5 Ne4 16. Bxg7 Kxg7 17. Bf3 Qh4 18. Bxe4 Qxe4 19. Qc2 Qxc2 20. Nxc2 e5 21.
Kf1 f5 22. f3 cxd4 23. exd4 e4 24. f4 h6 25. Ne3 Rf8 26. Kf2 g5 27. g3 Kg6 28.
Rg1 Ra8 29. Ra3 Rf6 30. Rb3 Raf8 31. Ra3 Rd6 32. Nc2 a5 33. Ke3 Rg8 34. Raa1
Kf6 35. Kf2 Ba6 36. Ne3 Bb7 37. Rgc1 h5 38. Rg1 Bc6 39. h4 gxf4 40. gxf4 Rxg1
41. Kxg1 Rd8 42. Kf2 Rd6 43. Rg1 Bxa4 44. Rg5 Bd7 45. Rxh5 Be6 46. Rh6+ Kg7 47.
Nxf5+ Bxf5 48. Rxd6 1-0

[Event "Solingen-ch 2018"]
[Site "Solingen"]
[Date "2018.11.02"]
[Round "4.11"]
[White "Ipekyilmaz, Tayfun"]
[Black "Fodor, Bernhard"]
[Result "1-0"]
[WhiteElo "1736"]
[BlackElo "1320"]
[PlyCount "73"]
[EventDate "2018.??.??"]
[WhiteTeam "Langenfelder SF"]
[BlackTeam "SG Solingen"]

1. e4 b6 2. d4 e6 3. f4 Nc6 4. Nf3 Bb7 5. Bd3 Nb4 6. O-O Nxd3 7. Qxd3 h6 8. f5
Qe7 9. e5 O-O-O 10. Bd2 Qe8 11. b4 Ne7 12. fxe6 dxe6 13. a4 Nc6 14. b5 Nb4 15.
Qb3 c5 16. bxc6 Nxc6 17. Bc3 Ba6 18. Rf2 Rd5 19. Nbd2 Qd7 20. Nc4 b5 21. axb5
Bxb5 22. Ne3 a6 23. Nxd5 exd5 24. Ne1 Be7 25. Rxf7 Nxe5 26. Rxg7 Qa7 27. Rxe7
Qxe7 28. dxe5 Rf8 29. Nf3 Rxf3 30. gxf3 Qc5+ 31. Kh1 Be2 32. Be1 Bc4 33. Ra5
Qc6 34. Qb4 Bb5 35. Ra3 d4 36. Qd6 Qxf3+ 37. Rxf3 1-0

[Event "Solingen-ch 2018"]
[Site "Solingen"]
[Date "2018.11.02"]
[Round "4.12"]
[White "Schubert, Stefan"]
[Black "von Häfen, Dieter"]
[Result "0-1"]
[WhiteElo "1592"]
[BlackElo "1732"]
[PlyCount "90"]
[EventDate "2018.??.??"]
[WhiteTeam "SG Solingen"]
[BlackTeam "SV Hennef"]

1. c4 Nf6 2. Nc3 g6 3. g3 Bg7 4. Bg2 O-O 5. e3 d6 6. Nge2 Nc6 7. a3 Bd7 8. O-O
Qc8 9. b4 Bh3 10. Nf4 Bxg2 11. Nxg2 Ne5 12. d3 Qf5 13. Nf4 c6 14. Rb1 g5 15. e4
Qg4 16. Qxg4 Nfxg4 17. Nh5 Nf3+ 18. Kg2 Nfxh2 19. Nxg7 Nxf1 20. Nf5 Ngh2 21.
Bxg5 f6 22. Bf4 e5 23. Bh6 Rfd8 24. b5 Rd7 25. a4 Kf7 26. f3 a6 27. Rb2 Kg6 28.
Bc1 axb5 29. cxb5 d5 30. exd5 Kxf5 31. g4+ Kg6 32. dxc6 bxc6 33. bxc6 Rc7 34.
Rb6 Ra5 35. f4 Rc5 36. f5+ Kf7 37. Bb2 R5xc6 38. Rb3 Rd7 39. Kg1 Rxd3 40. Rb7+
Ke8 41. Ne4 Rd7 42. Rb8+ Rd8 43. Rb7 Rd1 44. Ba3 Nxg4 45. Rxh7 Nfe3# 0-1

[Event "Solingen-ch 2018"]
[Site "Solingen"]
[Date "2018.11.02"]
[Round "4.13"]
[White "Skiber, Friedel"]
[Black "Wawi, Bilal"]
[Result "1-0"]
[WhiteElo "1705"]
[BlackElo "1097"]
[PlyCount "107"]
[EventDate "2018.??.??"]
[WhiteTeam "SG Solingen"]
[BlackTeam "vereinslos"]

1. e4 e6 2. d4 d5 3. Nc3 dxe4 4. Nxe4 Nf6 5. Bg5 Nbd7 6. Bb5 Be7 7. Bxf6 Bxf6
8. c3 O-O 9. Nf3 c6 10. Bd3 Be7 11. Qd2 f6 12. h4 e5 13. dxe5 Nxe5 14. O-O-O
Bg4 15. Qe3 Qa5 16. Kb1 b5 17. Rd2 Nxf3 18. gxf3 Be6 19. b3 Rac8 20. Rg1 f5 21.
Qh6 g6 22. h5 Bf7 23. hxg6 Bxg6 24. Ng5 Bxg5 25. Qxg5 Qxc3 26. Bxf5 Rxf5 27.
Qxf5 Rf8 28. Rxg6+ hxg6 29. Qxg6+ Kh8 30. Rd1 Qg7 31. Qxc6 Qe5 32. Rh1+ Kg7 33.
Rg1+ Kh7 34. Qd7+ Kh6 35. Qh3+ Qh5 36. Qe6+ Kh7 37. f4 Qf5+ 38. Qxf5+ Rxf5 39.
Rg4 Kh6 40. Kc2 Rd5 41. b4 Rd6 42. Rg5 a6 43. Kc3 Rd7 44. Rc5 Rd6 45. f3 Kg6
46. Re5 Kf6 47. a3 Kg6 48. f5+ Kf7 49. f4 Kf6 50. Re6+ Rxe6 51. fxe6 Kxe6 52.
Kd4 Kd6 53. f5 Ke7 54. Kc5 1-0

[Event "Solingen-ch 2018"]
[Site "Solingen"]
[Date "2018.10.30"]
[Round "4.16"]
[White "Falk, Thomas"]
[Black "Büttgenbach, Uwe-Eugen"]
[Result "0-1"]
[WhiteElo "1552"]
[BlackElo "1641"]
[PlyCount "108"]
[EventDate "2018.??.??"]
[WhiteTeam "Elberfelder SG"]
[BlackTeam "Ford SF Köln"]

1. d4 Nf6 2. Nf3 e6 3. Bf4 b6 4. e3 Bb7 5. Nbd2 Be7 6. Bd3 O-O 7. c3 Nh5 8. Bg3
f5 9. Qc2 Na6 10. Qb3 c5 11. Bxa6 Bxa6 12. d5 Nxg3 13. hxg3 b5 14. dxe6 d5 15.
Qc2 Bc8 16. O-O-O Bxe6 17. c4 Qa5 18. cxd5 Bxd5 19. Nb3 Bxb3 20. Qxb3+ c4 21.
Qc2 Qxa2 22. Qb1 Qb3 23. g4 c3 24. bxc3 Qxc3+ 25. Qc2 Ba3+ 26. Kb1 Qxc2+ 27.
Kxc2 fxg4 28. Ne5 Rxf2+ 29. Kb3 Bc5 30. Nxg4 Rxg2 31. Ne5 Bxe3 32. Rd3 Bg5 33.
Rhd1 Re2 34. Rd5 a6 35. Nc6 Bf6 36. Rd7 h5 37. Rb7 h4 38. Rh1 Kh7 39. Nb8 Re6
40. Rg1 Kh6 41. Nd7 Re7 42. Kb4 Bd4 43. Rg4 Bf2 44. Rc7 Rae8 45. Rc6+ Re6 46.
Rc7 h3 47. Nc5 Be1+ 48. Kb3 Re3+ 49. Kc2 R8e7 50. Rc6+ Kh7 51. Rg5 R3e5 52. Rg4
h2 53. Nd3 Re2+ 54. Kb3 h1=Q 0-1

[Event "Solingen-ch 2018"]
[Site "Solingen"]
[Date "2018.11.02"]
[Round "4.17"]
[White "Ipekyilmaz, Mert"]
[Black "Kaiser, Stephan"]
[Result "1-0"]
[WhiteElo "1710"]
[BlackElo "1800"]
[PlyCount "45"]
[EventDate "2018.??.??"]
[WhiteTeam "Düsseldorfer SK"]
[BlackTeam "SG Solingen"]

1. e4 c6 2. d4 d5 3. exd5 cxd5 4. Nf3 Nf6 5. c3 Bg4 6. h3 Bh5 7. Be2 e6 8. Bg5
Be7 9. Nbd2 O-O 10. g4 Bg6 11. Ne5 Nbd7 12. h4 h6 13. Nxg6 fxg6 14. Be3 Rc8 15.
Qc2 Qe8 16. g5 Ne4 17. Nxe4 dxe4 18. Qxe4 h5 19. Qxe6+ Kh7 20. Bb5 Rc7 21. d5
Bd8 22. Qxe8 Rxe8 23. d6 1-0

[Event "Solingen-ch 2018"]
[Site "Solingen"]
[Date "2018.11.16"]
[Round "5.1"]
[White "Kniest, Oliver"]
[Black "Zolfagharian, Kevin"]
[Result "0-1"]
[WhiteElo "2309"]
[BlackElo "2165"]
[PlyCount "44"]
[EventDate "2018.??.??"]
[WhiteTeam "SG Solingen"]
[BlackTeam "SG Solingen"]

1. Nf3 Nf6 2. c4 g6 3. d4 Bg7 4. Nc3 d5 5. cxd5 Nxd5 6. e4 Nxc3 7. bxc3 c5 8.
Rb1 O-O 9. Qd2 cxd4 10. cxd4 Nc6 11. d5 Na5 12. Bb2 b6 13. Be2 Bb7 14. Bxg7
Kxg7 15. Qd4+ Kg8 16. h4 e6 17. Rd1 exd5 18. exd5 Re8 19. Ne5 Qe7 20. f4 f6 21.
Bg4 fxe5 22. Be6+ Qxe6 0-1

[Event "Solingen-ch 2018"]
[Site "Solingen"]
[Date "2018.11.16"]
[Round "5.2"]
[White "Peschel, Andreas"]
[Black "Hobusch, Jan"]
[Result "1/2-1/2"]
[WhiteElo "2167"]
[BlackElo "2180"]
[PlyCount "64"]
[EventDate "2018.??.??"]
[WhiteTeam "SG Solingen"]
[BlackTeam "SG Solingen"]

1. c4 Nf6 2. Nc3 d5 3. cxd5 Nxd5 4. g3 g6 5. Bg2 Nxc3 6. bxc3 Bg7 7. Nf3 O-O 8.
O-O c5 9. Rb1 Nc6 10. Qa4 Qd7 11. Qa3 b6 12. Rxb6 axb6 13. Qxa8 Na5 14. Qe4 Bb7
15. Qb1 b5 16. Qc2 e5 17. d3 f5 18. Nd2 Bxg2 19. Kxg2 Rd8 20. Nb3 Nb7 21. c4 b4
22. a3 bxa3 23. Bxa3 Qa4 24. Ra1 Na5 25. Nd4 Qxc2 26. Nxc2 e4 27. Rd1 Nxc4 28.
Bc1 Ne5 29. Bf4 Kf7 30. Bxe5 Bxe5 31. Ne3 exd3 32. exd3 Bd4 1/2-1/2

[Event "Solingen-ch 2018"]
[Site "Solingen"]
[Date "2018.11.16"]
[Round "5.4"]
[White "Meckel, Helmut"]
[Black "Flesch, Dr. Stefan"]
[Result "1/2-1/2"]
[WhiteElo "1780"]
[BlackElo "2051"]
[PlyCount "40"]
[EventDate "2018.??.??"]
[WhiteTeam "SG Solingen"]
[BlackTeam "SG Solingen"]

1. b4 e5 2. Bb2 Bxb4 3. Bxe5 Nf6 4. c4 O-O 5. e3 Nc6 6. Bb2 d5 7. cxd5 Nxd5 8.
Be2 Re8 9. Nf3 Qd6 10. O-O Bg4 11. Nd4 Bxe2 12. Nxe2 Rad8 13. a3 Ba5 14. Qa4
Nb6 15. Qg4 Ne5 16. Bxe5 Qxe5 17. d4 Qf6 18. Nbc3 Qg6 19. Qxg6 hxg6 20. Rfc1 c6
1/2-1/2

[Event "Solingen-ch 2018"]
[Site "Solingen"]
[Date "2018.11.16"]
[Round "5.5"]
[White "Fränzel, Dr. Marius"]
[Black "Vranidis, Athanassios"]
[Result "0-1"]
[WhiteElo "1786"]
[BlackElo "1956"]
[PlyCount "100"]
[EventDate "2018.??.??"]
[WhiteTeam "SG Solingen"]
[BlackTeam "SG Solingen"]

1. e4 c5 2. c3 Nf6 3. e5 Nd5 4. d4 cxd4 5. Nf3 Nc6 6. Bc4 Nb6 7. Bb3 d5 8. cxd4
Bg4 9. Be3 e6 10. O-O Be7 11. a3 Bh5 12. Nbd2 O-O 13. Bc2 Bg6 14. Re1 Rc8 15.
Rc1 Na5 16. Bxg6 hxg6 17. Rxc8 Qxc8 18. Qb1 Nac4 19. Nxc4 Nxc4 20. Bg5 Qd7 21.
h4 Rc8 22. Bxe7 Qxe7 23. Qc1 Rc6 24. Qf4 Nxb2 25. Qg4 Qxa3 26. h5 Qd3 27. Qh4
Rc8 28. hxg6 Qxg6 29. Qe7 Nd3 30. Qxb7 Rf8 31. Re3 Nf4 32. Ne1 a5 33. Qa6 Qg4
34. Qxa5 Ne2+ 35. Kf1 Nxd4 36. Qa4 Qh4 37. Rh3 Qe4 38. Re3 Qg4 39. Qa1 Nf5 40.
Rh3 Qd4 41. Qb1 Qxe5 42. g4 Nh6 43. Nf3 Qe4 44. Qb2 f6 45. Rg3 Rc8 46. Kg2 e5
47. Qb7 Rf8 48. g5 fxg5 49. Qd7 g4 50. Kh2 Rxf3 0-1

[Event "Solingen-ch 2018"]
[Site "Solingen"]
[Date "2018.11.16"]
[Round "5.6"]
[White "Borchert, Stephan"]
[Black "Alexopoulos, Dr. Spiros"]
[Result "1-0"]
[WhiteElo "1942"]
[BlackElo "1870"]
[PlyCount "51"]
[EventDate "2018.??.??"]
[WhiteTeam "SG Solingen"]
[BlackTeam "Aachener SV"]

1. e4 d5 2. exd5 Nf6 3. d4 Bg4 4. f3 Bf5 5. Bb5+ Nbd7 6. c4 e6 7. dxe6 Bxe6 8.
Nc3 Bb4 9. d5 Bf5 10. Nge2 O-O 11. Bxd7 Nxd7 12. O-O Ne5 13. Ne4 Bxe4 14. fxe4
Bc5+ 15. Kh1 Qe7 16. Ng3 g6 17. b4 Bxb4 18. Rb1 Bc5 19. Rxb7 Bb6 20. Bb2 Nxc4
21. Bf6 Qd7 22. Nf5 h5 23. Qc1 Ne3 24. Nxe3 Bxe3 25. Qxe3 Kh7 26. Ba1 1-0

[Event "Solingen-ch 2018"]
[Site "Solingen"]
[Date "2018.11.16"]
[Round "5.8"]
[White "Podder, Michael"]
[Black "Beyer, Fabian"]
[Result "1-0"]
[WhiteElo "1826"]
[BlackElo "1893"]
[PlyCount "107"]
[EventDate "2018.??.??"]
[WhiteTeam "Elberfelder SG"]
[BlackTeam "SG Solingen"]

1. e4 c6 2. d4 d5 3. Nd2 dxe4 4. Nxe4 Bf5 5. Ng3 Bg6 6. Nf3 Nd7 7. Bd3 Bxd3 8.
Qxd3 e6 9. O-O Ngf6 10. b3 Qc7 11. c4 Bd6 12. Bb2 O-O 13. Rfe1 c5 14. Rad1 Rad8
15. Ne4 Nxe4 16. Qxe4 Nf6 17. Qe2 cxd4 18. Bxd4 Bb4 19. Bxf6 gxf6 20. Rxd8 Rxd8
21. Rd1 Rxd1+ 22. Qxd1 Qd6 23. Qxd6 Bxd6 24. Kf1 Kf8 25. Ke2 e5 26. Nh4 Bc5 27.
Nf5 Ke8 28. f3 Kd7 29. Kd3 Ke6 30. Ke4 Bf8 31. g4 a6 32. a4 a5 33. h3 b6 34. h4
h6 35. h5 Kd7 36. Kd5 Kc7 37. Ng3 Kd7 38. Ne4 Be7 39. c5 bxc5 40. Nxc5+ Kc7 41.
Ne4 Kd7 42. Nd2 Bb4 43. Nc4 Kc7 44. Nb2 Ba3 45. Nd3 Kd7 46. b4 axb4 47. Kc4 b3
48. Kxb3 Bd6 49. Kc4 Kc6 50. Nb4+ Bxb4 51. Kxb4 Kb6 52. a5+ Ka6 53. Ka4 Ka7 54.
Kb5 1-0

[Event "Solingen-ch 2018"]
[Site "Solingen"]
[Date "2018.11.16"]
[Round "5.9"]
[White "Speck, Stefan"]
[Black "Skiber, Friedel"]
[Result "1-0"]
[WhiteElo "1955"]
[BlackElo "1705"]
[PlyCount "71"]
[EventDate "2018.??.??"]
[WhiteTeam "SC Solingen 28"]
[BlackTeam "SG Solingen"]

1. e4 c5 2. Nf3 g6 3. d4 Bg7 4. c3 cxd4 5. cxd4 d5 6. e5 Bg4 7. Nc3 Nh6 8. Qb3
Bxf3 9. Qxb7 Nd7 10. gxf3 O-O 11. Qxd5 e6 12. Qe4 Nf5 13. Bh3 Nb6 14. Bxf5 exf5
15. Qf4 Qd7 16. O-O h6 17. Rd1 g5 18. Qg3 Rad8 19. f4 g4 20. d5 Qb7 21. d6 Nd7
22. Qg2 Qc8 23. Qd5 Nb6 24. Qb3 Qc6 25. Nd5 Kh7 26. Nxb6 axb6 27. Qd3 Kg6 28.
Be3 h5 29. Rac1 Qb7 30. Rc7 Qb8 31. Bd4 Rc8 32. Rdc1 Bh6 33. Qg3 Rcd8 34. R1c6
Qa8 35. d7+ Kh7 36. Qd3 1-0

[Event "Solingen-ch 2018"]
[Site "Solingen"]
[Date "2018.11.16"]
[Round "5.10"]
[White "Sherif, Malik"]
[Black "Lux, Andreas"]
[Result "0-1"]
[WhiteElo "1729"]
[BlackElo "1839"]
[PlyCount "186"]
[EventDate "2018.??.??"]
[WhiteTeam "SG Solingen"]
[BlackTeam "SG Solingen"]

{[%evp 0,166,19,27,17,-9,29,30,16,12,16,12,16,22,16,0,-5,-1,10,-3,4,8,25,6,45,
0,9,-1,-1,-33,-25,-83,-65,-54,-58,-54,-56,-55,-19,-43,-37,-58,-70,-69,-44,-45,
-42,-65,-52,-46,-57,-97,-52,-114,-108,-123,-120,-125,-125,-125,-139,-139,-140,
-145,-138,-156,-145,-171,-174,-181,-181,-183,-181,-181,-194,-191,-189,-193,
-175,-194,-184,-195,-178,-186,-187,-188,-182,-184,-166,-165,-171,-187,-179,
-178,-178,-178,-171,-273,-275,-289,-276,-281,-289,-289,-250,-280,-280,-299,
-264,-268,-265,-265,-258,-270,-263,-269,-245,-253,-279,-280,-290,-311,-299,
-400,-403,-453,-299,-403,-411,-468,-475,-493,-505,-555,-579,-610,-681,-755,
-942,-795,-1013,-1165,-1206,-1439,-1206,-1247,-781,-966,-964,-1196,-1260,-1351,
-1364,-1459,-1195,-29991,-305,-302,-547,-1239,-1429,-1429,-982,-1012,-1012,
-2156,-2156,-28545,-1041]} 1. Nf3 Nf6 2. g3 g6 3. Bg2 Bg7 4. O-O O-O 5. c4 c5
6. Nc3 Nc6 7. d3 d6 8. Bd2 a6 9. Qc1 Re8 10. Bh6 Bh8 11. a3 Rb8 12. Qc2 b5 13.
cxb5 axb5 14. Na2 Qb6 15. Rac1 b4 16. axb4 Nxb4 17. Nxb4 Qxb4 18. Rb1 Be6 19.
Bd2 Qb3 20. Qxb3 Rxb3 21. Bc3 Reb8 22. Nd2 R3b5 23. Rfc1 Nd5 24. Bxh8 Kxh8 25.
Nc4 Nb6 26. Rc2 Nxc4 27. dxc4 Rb4 28. Bd5 Bxd5 29. cxd5 Rd4 30. Ra1 Rb7 31.
Ra8+ Kg7 32. Kg2 Rxd5 33. Ra4 f5 34. Kf3 Kf6 35. Kg2 Rd1 36. Kf3 Rb3+ 37. Kg2
Rb1 38. Ra2 Rb7 39. Kf3 Ke5 40. Kg2 Rd1 41. Ra3 Rd4 42. b3 Rdb4 43. Rc3 f4 44.
gxf4+ Rxf4 45. Kg3 Rfb4 46. Kg2 Re4 47. Kf3 e6 48. Ra8 Rf7+ 49. Kg3 Rxe2 50. f3
Kd4 51. Rc4+ Ke3 52. Re4+ Kd3 53. Rd8 Rxe4 54. fxe4 Kxe4 55. Rxd6 Rf3+ 56. Kg2
Rxb3 57. Rxe6+ Kf5 58. Re7 h5 59. Rc7 Rc3 60. Kf2 g5 61. Rf7+ Kg4 62. Rc7 Rf3+
63. Kg2 Rc3 64. Kf2 h4 65. Re7 Kh3 66. Rg7 g4 67. Rg5 c4 68. Kg1 Rc1+ 69. Kf2
Rc2+ 70. Ke1 Rxh2 71. Rc5 Rc2 72. Kd1 Rc3 73. Kd2 Rd3+ 74. Ke2 Ra3 75. Rxc4 g3
76. Rc1 Ra2+ 77. Kf1 Rf2+ 78. Kg1 Kg4 79. Rc4+ Rf4 80. Rc8 h3 81. Rg8+ Kf3 82.
Kh1 Kf2 83. Rg7 Rf3 84. Rg8 Rd3 85. Rf8+ Rf3 86. Rg8 Re3 87. Rf8+ Ke2 88. Rg8
Kf3 89. Rf8+ Kg4 90. Rg8+ Kf5 91. Rf8+ Kg6 92. Rf1 g2+ 93. Kh2 gxf1=N+ 0-1

[Event "Solingen-ch 2018"]
[Site "Solingen"]
[Date "2018.11.16"]
[Round "5.13"]
[White "Sereda, Yaroslava"]
[Black "Ipekyilmaz, Mert"]
[Result "0-1"]
[WhiteElo "1534"]
[BlackElo "1710"]
[PlyCount "110"]
[EventDate "2018.??.??"]
[WhiteTeam "SG Solingen"]
[BlackTeam "Düsseldorfer SK"]

1. e4 e6 2. d4 d5 3. Nd2 dxe4 4. Nxe4 Nf6 5. Nxf6+ Qxf6 6. Nf3 h6 7. Bc4 Nc6 8.
O-O Bd7 9. c3 Na5 10. Bd3 Nc6 11. Be3 Bd6 12. Bc2 Ne7 13. Nd2 Nd5 14. Ne4 Qe7
15. Nxd6+ Qxd6 16. Bd2 Bc6 17. Qg4 O-O-O 18. Rfe1 g5 19. Qg3 Nf4 20. f3 Rdg8
21. Be4 h5 22. Bxf4 gxf4 23. Qf2 h4 24. h3 Rg3 25. Kh2 Rhg8 26. Bxc6 Qxc6 27.
Rg1 f6 28. Rae1 Qd6 29. Qe2 Re8 30. Qe4 Rgg8 31. Qh7 Rh8 32. Qg6 Ref8 33. Qe4
Re8 34. Re2 f5 35. Qe5 Qxe5 36. Rxe5 Kd7 37. Rge1 Rh6 38. d5 Rf6 39. c4 c6 40.
Rd1 Kd6 41. Ree1 e5 42. Re2 e4 43. dxc6+ Kxc6 44. fxe4 fxe4 45. Rf1 e3 46. b3
Rd8 47. Rfe1 Rd2 48. Rxd2 exd2 49. Rd1 Rd6 50. Kg1 Kc5 51. a3 Rd3 52. Kf2 Kd4
53. c5 Kc3 54. b4 Kc2 55. Ke2 Re3+ 0-1

[Event "Solingen-ch 2018"]
[Site "Solingen"]
[Date "2018.11.13"]
[Round "5.14"]
[White "Fodor, Bernhard"]
[Black "Büttgenbach, Uwe-Eugen"]
[Result "0-1"]
[WhiteElo "1320"]
[BlackElo "1641"]
[PlyCount "58"]
[EventDate "2018.??.??"]
[WhiteTeam "SG Solingen"]
[BlackTeam "Ford SF Köln"]

1. f4 e6 2. Nf3 b6 3. g3 Bb7 4. Bg2 Nf6 5. d3 Bc5 6. c3 O-O 7. e3 Re8 8. Nh4
Bxg2 9. Nxg2 d5 10. Qf3 Nbd7 11. d4 Bf8 12. Nd2 c5 13. O-O Qc7 14. Rf2 Qc6 15.
h4 h5 16. c4 Rac8 17. b3 cxd4 18. exd4 Ng4 19. Re2 Ndf6 20. Bb2 Bd6 21. Rae1
Qb7 22. f5 Qc7 23. Nf1 dxc4 24. fxe6 fxe6 25. Rxe6 Rxe6 26. Rxe6 Qd7 27. Qf5
cxb3 28. d5 Bc5+ 29. Kh1 Nf2+ 0-1

[Event "Solingen-ch 2018"]
[Site "Solingen"]
[Date "2018.11.16"]
[Round "5.15"]
[White "Wawi, Bilal"]
[Black "Schubert, Stefan"]
[Result "0-1"]
[WhiteElo "1097"]
[BlackElo "1592"]
[PlyCount "112"]
[EventDate "2018.??.??"]
[WhiteTeam "vereinslos"]
[BlackTeam "SG Solingen"]

1. c4 g6 2. d4 Bg7 3. Nf3 e6 4. e3 Ne7 5. Be2 O-O 6. O-O d6 7. Nc3 Nd7 8. b3 e5
9. Bb2 h6 10. Qc2 f5 11. Rad1 e4 12. Nd2 Nc6 13. f3 exf3 14. Bxf3 Nf6 15. c5 d5
16. a3 Kh7 17. g3 Be6 18. Bg2 Rb8 19. Nf3 Ne4 20. b4 b5 21. Ne2 a5 22. Nf4 Bc8
23. bxa5 Nxa5 24. Ne5 c6 25. Nfxg6 Rf6 26. Nf4 Bd7 27. Nh5 Rf8 28. Bh3 Nc4 29.
Bc1 Nxe5 30. dxe5 Bxe5 31. Bb2 Bxb2 32. Qxb2 Qe7 33. Rf4 Ng5 34. Bg2 Kg6 35. g4
fxg4 36. Rxf8 Rxf8 37. Nf4+ Kh7 38. Qd4 Nf3+ 39. Bxf3 gxf3 40. Qd3+ Bf5 41. Qd4
Qg5+ 42. Kf1 Be4 43. Rd2 Rg8 44. Nh3 Qh5 45. Ng1 Rg2 46. Rxg2 fxg2+ 47. Ke1
Qxh2 48. Kf2 Qh4+ 49. Ke2 Qg4+ 50. Kf2 Qf5+ 51. Kg3 Qf1 52. Kh2 Qc1 53. Qf6 Bg6
54. Qxc6 Qxe3 55. Qxd5 Qf4+ 56. Kh3 Bf5+ 0-1

[Event "Solingen-ch 2018"]
[Site "Solingen"]
[Date "2018.11.30"]
[Round "6.1"]
[White "Zolfagharian, Kevin"]
[Black "Hobusch, Jan"]
[Result "1/2-1/2"]
[WhiteElo "2165"]
[BlackElo "2180"]
[PlyCount "20"]
[EventDate "2018.??.??"]
[WhiteTeam "SG Solingen"]
[BlackTeam "SG Solingen"]

1. e4 c6 2. d4 d5 3. e5 c5 4. dxc5 Nc6 5. Nf3 e6 6. a3 Bxc5 7. b4 Bb6 8. Bb2
Nge7 9. Bd3 Ng6 10. O-O O-O 1/2-1/2

[Event "Solingen-ch 2018"]
[Site "Solingen"]
[Date "2018.11.30"]
[Round "6.2"]
[White "Borchert, Stephan"]
[Black "Kniest, Oliver"]
[Result "1/2-1/2"]
[WhiteElo "1942"]
[BlackElo "2309"]
[PlyCount "76"]
[EventDate "2018.??.??"]
[WhiteTeam "SG Solingen"]
[BlackTeam "SG Solingen"]

1. e4 e6 2. d4 d5 3. Nc3 Bb4 4. e5 c5 5. a3 Bxc3+ 6. bxc3 Qa5 7. Qd2 Nc6 8. Nf3
Nge7 9. Bd3 b6 10. O-O Ba6 11. a4 O-O 12. Ba3 cxd4 13. Bxa6 Qxa6 14. cxd4 Rfe8
15. Qf4 Ng6 16. Qg4 Qc4 17. Bd6 Rac8 18. Rfc1 Na5 19. h4 h6 20. Ra3 Nc6 21. c3
Nge7 22. Rd1 Nf5 23. Nd2 Qd3 24. Nf1 Qe4 25. Qxe4 dxe4 26. Nd2 Nxd6 27. exd6
Red8 28. Nxe4 f5 29. Nd2 Rxd6 30. Nc4 Rd7 31. Ne3 Na5 32. f4 Nc4 33. Nxc4 Rxc4
34. Rd3 Rd5 35. Re3 Kf7 36. Re5 Ke7 37. Kf2 Kd6 38. Ke3 Rc7 1/2-1/2

[Event "Solingen-ch 2018"]
[Site "Solingen"]
[Date "2018.11.30"]
[Round "6.3"]
[White "Vranidis, Athanassios"]
[Black "Peschel, Andreas"]
[Result "1-0"]
[WhiteElo "1956"]
[BlackElo "2167"]
[PlyCount "141"]
[EventDate "2018.??.??"]
[WhiteTeam "SG Solingen"]
[BlackTeam "SG Solingen"]

1. d4 d5 2. c4 c6 3. cxd5 cxd5 4. Nc3 Nf6 5. Nf3 e6 6. Bf4 Nc6 7. e3 Be7 8. Bd3
O-O 9. h3 Qb6 10. Rb1 Bd7 11. O-O Rfc8 12. a3 Na5 13. Ne5 Qd8 14. Rc1 Nc4 15.
Bxc4 dxc4 16. Qf3 Qb6 17. Nxd7 Nxd7 18. Rc2 Qc6 19. Ne4 f5 20. Nd2 Qxf3 21.
Nxf3 b5 22. Rd1 Nb6 23. Ne5 Bf6 24. f3 g5 25. Bh2 Nd5 26. Kf2 Bxe5 27. Bxe5 f4
28. exf4 gxf4 29. Re1 b4 30. Bd6 b3 31. Rce2 c3 32. bxc3 Nxc3 33. Rb2 Nb5 34.
Bc5 Rd8 35. Rxb3 Nxd4 36. Bxd4 Rxd4 37. Rxe6 Rc8 38. Rb4 Rd2+ 39. Re2 Rxe2+ 40.
Kxe2 Rc2+ 41. Kf1 Rc1+ 42. Kf2 Rc2+ 43. Kg1 Rc1+ 44. Kh2 Rc3 45. Ra4 Kg7 46.
Rxa7+ Kg6 47. a4 Ra3 48. a5 Ra1 49. a6 Ra2 50. Ra8 Kg7 51. h4 Kf7 52. a7 Kg7
53. Kh3 h5 54. g4 fxg3 55. Kxg3 Kh7 56. Kf4 Ra4+ 57. Ke5 Ra5+ 58. Ke6 Ra6+ 59.
Ke7 Ra1 60. f4 Re1+ 61. Kf6 Ra1 62. Kg5 Ra5+ 63. Kf6 Ra1 64. f5 Ra2 65. Kf7 Ra1
66. f6 Ra2 67. Kf8 Kg6 68. Kg8 Kh6 69. f7 Rg2+ 70. Kh8 Rg7 71. f8=Q 1-0

[Event "Solingen-ch 2018"]
[Site "Solingen"]
[Date "2018.11.30"]
[Round "6.4"]
[White "Görke, Joachim"]
[Black "Podder, Michael"]
[Result "1-0"]
[WhiteElo "2110"]
[BlackElo "1826"]
[PlyCount "83"]
[EventDate "2018.??.??"]
[WhiteTeam "SG Solingen"]
[BlackTeam "Elberfelder SG"]

1. d4 g6 2. c4 Bg7 3. Nc3 d6 4. Nf3 Nd7 5. Bg5 c5 6. e3 Ngf6 7. Bd3 O-O 8. O-O
a6 9. a4 b6 10. h3 Rb8 11. d5 e5 12. e4 h6 13. Bd2 Ne8 14. Qc1 Kh7 15. g4 Nc7
16. Ne2 Rb7 17. Ng3 a5 18. Ra3 Na6 19. Bb1 Nb4 20. Kg2 Nf6 21. Rh1 Qe8 22. Qd1
Rc7 23. Nh2 Qd7 24. Nf3 Ba6 25. Rc3 Rh8 26. b3 Bc8 27. Kf1 Kg8 28. Ke1 Bf8 29.
Nh4 Be7 30. Ng2 Qd8 31. Qc1 Kg7 32. Rg1 Ng8 33. Ne3 Bg5 34. Ng2 Bxd2+ 35. Qxd2
Re7 36. Rf3 Nf6 37. Ne3 Ree8 38. Qe2 Ref8 39. Qd2 Nh7 40. Nef5+ gxf5 41. Nh5+
Kg8 42. Qxh6 1-0

[Event "Solingen-ch 2018"]
[Site "Solingen"]
[Date "2018.11.30"]
[Round "6.5"]
[White "Flesch, Dr. Stefan"]
[Black "Ipekyilmaz, Tayfun"]
[Result "1-0"]
[WhiteElo "2051"]
[BlackElo "1736"]
[PlyCount "91"]
[EventDate "2018.??.??"]
[WhiteTeam "SG Solingen"]
[BlackTeam "Langenfelder SF"]

1. d4 Nf6 2. c4 e5 3. dxe5 Ng4 4. e4 Nxe5 5. f4 Nec6 6. Be3 d6 7. Bd3 Nd7 8.
Nc3 Nc5 9. Nf3 Nxd3+ 10. Qxd3 Bd7 11. O-O Ne7 12. Rad1 Bc6 13. c5 Ng6 14. Qc4
Qc8 15. Ng5 Qd7 16. e5 h6 17. Nge4 Qg4 18. h3 Qe6 19. Qxe6+ fxe6 20. cxd6 cxd6
21. exd6 b6 22. g3 Rg8 23. h4 Nh8 24. f5 exf5 25. Rxf5 Nf7 26. d7+ Bxd7 27.
Rxd7 Kxd7 28. Rxf7+ Ke6 29. Rb7 Kf5 30. Kg2 Bb4 31. Kf3 g5 32. g4+ Ke5 33. hxg5
hxg5 34. Nxg5 Rgf8+ 35. Ke2 Bc5 36. Bxc5 bxc5 37. Nge4 Rab8 38. Rxb8 Rxb8 39.
b3 Kf4 40. g5 c4 41. bxc4 Kf5 42. c5 Rh8 43. Kd3 Ke5 44. Kc4 a6 45. c6 Rc8 46.
Kc5 1-0

[Event "Solingen-ch 2018"]
[Site "Solingen"]
[Date "2018.11.30"]
[Round "6.7"]
[White "Lux, Andreas"]
[Black "Nguyen, Gia Huy Philipp"]
[Result "0-1"]
[WhiteElo "1839"]
[BlackElo "1895"]
[PlyCount "52"]
[EventDate "2018.??.??"]
[WhiteTeam "SG Solingen"]
[BlackTeam "SG Solingen"]

1. d4 d5 2. Nf3 Nf6 3. e3 c5 4. c3 Nbd7 5. Bd3 Qc7 6. O-O e5 7. dxe5 Nxe5 8.
Nxe5 Qxe5 9. Re1 Bd6 10. f4 Qe7 11. c4 O-O 12. Nc3 Bg4 13. Qc2 dxc4 14. Bxc4
Bxf4 15. Qf2 Be5 16. Qh4 Bf5 17. e4 Be6 18. Bd3 Rad8 19. Bc2 Qc7 20. a4 a6 21.
Ra3 c4 22. Nd1 Ng4 23. h3 Bf6 24. Qg3 Qxg3 25. Rxg3 Bh4 26. Ree3 Nxe3 0-1